| 000 | 00574nam a22001697a 4500 | ||
|---|---|---|---|
| 003 | OSt | ||
| 005 | 20171010095457.0 | ||
| 008 | 120705t xxu||||| |||| 00| 0 eng d | ||
| 040 |
_aMMSU _cULS |
||
| 100 |
_aRuiz, Mark Anthony A. _910984 |
||
| 245 |
_aLevel of knowledge and enjoyment of prisoners on their human rights _cMark Anthony A. Ruiz |
||
| 260 | _c2008 | ||
| 300 |
_axiv, 77 leaves _c28 cm. |
||
| 500 | _aThesis (AB Sociology) -- Mariano Marcos State University-College of Arts & Sciences, Batac City | ||
| 504 | _aBibliography: leaf 57 | ||
| 942 |
_2ddc _cTHEDIS |
||
| 999 |
_c9628 _d9628 |
||